[Event "19th Czech Chladek & Tintera A Open"]
[Site "Pardubice CZE"]
[Date "2008.07.25"]
[Round "8"]
[White "Petr,Ma"]
[Black "Jasny,S"]
[Result "1/2-1/2"]
[WhiteElo "2451"]
[BlackElo "2359"]

1.e4 c5 2.Nf3 e6 3.d4 cxd4 4.Nxd4 a6 5.Nc3 Qc7 6.Be2 b5 7.O-O Bb7 8.Bf3 Nc6
9.Nxc6 dxc6 10.Qe2 e5 11.a4 b4 12.Nd1 a5 13.Qe1 Nf6 14.Ne3 Bc5 15.Nc4 O-O
16.Be2 Rfe8 17.Bd3 Nd7 18.Be3 Ba6 19.b3 Bd4 20.Bxd4 exd4 21.Nd2 Qa7 22.Qe2 Nc5
23.f4 Kh8 24.g4 f6 25.Rf3 Qf7 26.Rb1 g6 27.Qf2 Qd7 28.Qh4 Qg7 29.Rbf1 Nxd3
30.cxd3 c5 31.e5 Bb7 32.exf6 Qf7 33.Nc4 Bxf3 34.Rxf3 Ra6 35.g5 Qd5 36.Qh6 Qf7
37.Ne5 Rxe5 38.fxe5 Re6 39.Qh4 Rxe5 40.Qf4 Re8 41.Kg2 h5 42.gxh6 Kh7 43.Qg5 Re3
44.Rxe3 dxe3 45.Qe5 Kxh6 46.Qxe3+ g5 47.Qxc5 Qxf6 48.Qd5 Qb2+ 49.Kg3 Qd2
50.Qe6+ Kg7 51.Qe5+ Kg6 52.Qe4+ Kh6 53.h3 Qc1 54.Qe6+ Kg7 55.Kf3 Qf4+ 56.Ke2 Qh2+
57.Kf3 Qf4+ 58.Kg2 Qd2+ 59.Kg3 Qf4+ 60.Kg2  1/2-1/2

[Event "41st Festival MTO"]
[Site "Biel SUI"]
[Date "2008.07.26"]
[Round "6"]
[White "Klauser,M"]
[Black "Meier,V"]
[Result "1-0"]
[WhiteElo "2394"]
[BlackElo "2276"]

1.e4 c5 2.Nf3 e6 3.d4 cxd4 4.Nxd4 a6 5.Nc3 Qc7 6.g3 d6 7.Bg2 Bd7 8.O-O Nc6
9.Re1 Be7 10.Nxc6 Bxc6 11.Qg4 h5 12.Qe2 h4 13.a4 hxg3 14.hxg3 Kf8 15.Bf4 Nf6
16.Rad1 Nh5 17.Be3 Rd8 18.Bd4 Nf6 19.Rd3 b5 20.axb5 axb5 21.b4 Qb7 22.Nb1 e5
23.Bb2 d5 24.Nd2 dxe4 25.Rxd8+ Bxd8 26.Nxe4 Nxe4 27.Bxe4 f5 28.Qd3 Be7 29.Bxc6 Qxc6
30.Qxf5+ Kg8 31.Qe4 Qh6 32.Qd5+ Kf8 33.Qg2 Qd2 34.Qf3+ Kg8 35.Rxe5 Qxc2 36.Qd5+ Kf8
37.Qa8+ Kf7 38.Qxh8  1-0

[Event "Politiken Cup"]
[Site "Helsingor DEN"]
[Date "2008.07.26"]
[Round "9"]
[White "Petersen,Stee1"]
[Black "Klein,Gern"]
[Result "1/2-1/2"]
[WhiteElo "2170"]
[BlackElo "2011"]

1.e4 c5 2.Nf3 e6 3.d4 cxd4 4.Nxd4 a6 5.Nc3 Qc7 6.Bd3 Bc5 7.Nb3 Be7 8.Qg4 g6
9.Bg5 Nc6 10.Bxe7 Ngxe7 11.O-O O-O 12.Qh4 d5 13.exd5 exd5 14.Qf6 Qe5 15.Qxe5 Nxe5
16.Rfe1 N5c6 17.Rad1 b6 18.Nd4 Nxd4 19.Rxe7 Be6 20.Rb7 b5 21.Bxg6 Nf3+ 22.gxf3 hxg6
23.Rb6 Rfb8 24.Rxb8+ Rxb8 25.Nxd5 Rb7 26.a3 Kg7 27.Nb4 Rc7 28.Rd2 a5 29.Nd3 Bf5
30.Kg2 Rd7 31.f4 b4 32.axb4 axb4 33.b3 Be4+ 34.f3 Bf5 35.Kf2 Rb7 36.Ke3 Rb8
37.Kd4 Bxd3 38.Rxd3 Rc8 39.c4 bxc3 40.Rxc3 Rd8+ 41.Ke5 Rd2 42.h4 Rb2 43.f5 gxf5
44.Kxf5 Rh2 45.Rc4 Rf2 46.f4 Rh2 47.Kg4 Rg2+ 48.Kf3 Rh2 49.Kg3 Rb2 50.b4 Kg6
51.Kf3 f5 52.Ke3 Kh5 53.Kd4 Kxh4 54.Kc5 Kg4 55.b5 Kf3 56.b6 Ke3 57.Rb4 Rc2+
58.Kd6 Rc8 59.b7 Re8 60.Kc7 Re7+ 61.Kd8 Rxb7 62.Rxb7 Kxf4 63.Ke7 Kg4 64.Ke6 f4
65.Rg7+ Kh3 66.Rf7 Kg3 67.Ke5 f3 68.Rg7+ Kh2 69.Ke4 f2 70.Rh7+ Kg2 71.Rg7+ Kh2
72.Rh7+ Kg2 73.Rg7+ Kh2 74.Rf7 Kg2 75.Ke3 f1=Q 76.Rxf1 Kxf1  1/2-1/2

[Event "Politiken Cup"]
[Site "Helsingor DEN"]
[Date "2008.07.26"]
[Round "9"]
[White "Strand,Kj"]
[Black "Eljanov,V"]
[Result "1-0"]
[WhiteElo "2066"]
[BlackElo "2357"]

1.e4 c5 2.Nf3 e6 3.d4 cxd4 4.Nxd4 a6 5.Nc3 Qc7 6.Bd3 Nc6 7.Be3 Bd6 8.Nxc6 bxc6
9.Qg4 Bf8 10.O-O Nf6 11.Qe2 Be7 12.f4 d5 13.Rae1 O-O 14.Bd4 c5 15.Bxf6 Bxf6
16.exd5 Bxc3 17.bxc3 exd5 18.Qh5 g6 19.Qxd5 Be6 20.Qg5 c4 21.Be4 Rab8 22.f5 Qc5+
23.Kh1 Rbe8 24.Qg3 Bd7 25.fxg6 hxg6 26.Rf6 Qh5 27.h4 Kg7 28.Rd6 Rh8 29.Kg1 Qc5+
30.Kf1 Be6 31.Bf3 Rxh4 32.Qxh4 Qxd6 33.Qd4+ Qxd4 34.cxd4 Rb8 35.c3 Rb2 36.Re2 Rb1+
37.Kf2 Rc1 38.d5 Bf5 39.g4 Bd7 40.Re7 Ba4 41.Re3 Rc2+ 42.Kg3 Rxa2 43.Kf4 Rd2
44.Be2 Bb3 45.Ke5 a5 46.Kd6 Kf6 47.Kc5 Kg5 48.Bxc4 Bxc4 49.Kxc4 Kxg4 50.Kc5 f5
51.d6 f4 52.Re4 Rd3 53.c4 Kf5 54.Re8 g5 55.Kc6 g4 56.d7 g3 57.d8=Q Rxd8 58.Rxd8 g2
59.Rg8 f3 60.Kd5 f2 61.Rf8+ Kg6 62.Rxf2 g1=Q 63.Ra2 Qd1+ 64.Kc5 a4 65.Ra3 Qb3
66.Ra1 a3 67.Kd6 Qd3+ 68.Kc5 Qc3 69.Ra2 Qb3 70.Rg2+ Kf5 71.Kd5 Qf3+  1-0

[Event "1st Open"]
[Site "Paleochora GRE"]
[Date "2008.07.26"]
[Round "7"]
[White "Holzke,F"]
[Black "Oleksienko,M"]
[Result "1/2-1/2"]
[WhiteElo "2516"]
[BlackElo "2588"]

1.e4 c5 2.Nf3 e6 3.d4 cxd4 4.Nxd4 a6 5.Nc3 Qc7 6.Bd3 Nf6 7.O-O d6 8.Kh1 b5
9.a4 b4 10.Na2 e5 11.Nb3 Nc6 12.c3 bxc3 13.Nxc3 Be6 14.Bg5 Qb7 15.Nd2 Be7
16.Nc4 O-O 17.Bxf6 Bxf6 18.Nd5 Bxd5 19.exd5 Nd4 20.Nxd6 Qxd5 21.Ne4 Be7 22.f4 exf4
23.Rxf4 Rad8 24.Nc3 Qd6 25.Rf2 Qh6 26.Qg4 Bd6 27.h3 Bb8 28.Raf1 Qd6 29.g3 Qc7
30.Rg2 g6 31.Bxa6 f5 32.Qd1 Kg7 33.Qd3 f4 34.gxf4 Rxf4 35.Rxf4 Qxf4 36.Qf1 Qe3
37.Qd3 Qe1+ 38.Qf1 Qe3 39.Rg4 Nf5 40.Bc4 Qe5 41.Qf2 Ne3 42.Rh4 Nxc4 43.Rxc4 Rf8
44.Qd4 Rf3 45.Qxe5+ Bxe5  1/2-1/2

[Event "19th Czech Chladek & Tintera A Open"]
[Site "Pardubice CZE"]
[Date "2008.07.26"]
[Round "9"]
[White "Genba,V"]
[Black "Rojicek,V"]
[Result "1/2-1/2"]
[WhiteElo "2429"]
[BlackElo "2346"]

1.e4 c5 2.Nf3 e6 3.d4 cxd4 4.Nxd4 a6 5.Nc3 Qc7 6.Be2 b5 7.Bf3 Bb7 8.O-O Nc6
9.Nxc6 dxc6 10.a4 e5 11.axb5 axb5 12.Rxa8+ Bxa8 13.Be3 Nf6 14.Qa1 Bb7 15.Qa7 Be7
16.Bb6 Qc8 17.Bc5 Qa8 18.Qxa8+ Bxa8 19.Ra1 Bb7 20.Ra7 Bxc5 21.Rxb7 Bd6 22.Ra7 Bb8
23.Rb7 Bd6 24.h4 Rf8 25.Ne2 Kd8 26.Nc1 Kc8 27.Ra7 Kb8 28.Ra1 Nd7 29.Nd3 Nc5
30.Nxc5 Bxc5 31.Kf1 Kb7 32.Ke2 Ra8 33.Rxa8 Kxa8 34.Bh5 g6 35.Bg4 Kb7 36.Bd7 Kc7
37.Be8 f5 38.h5 f4 39.hxg6 hxg6 40.Bxg6 b4 41.g3 fxg3 42.fxg3 Kd7 43.Kd3 Bd4
44.b3 Ke7 45.Kc4 Kf6 46.Be8 c5 47.Kd5 Kg5 48.Bd7 Kf6  1/2-1/2

[Event "9th Epetium Open"]
[Site "Stobrec CRO"]
[Date "2008.07.26"]
[Round "1"]
[White "Vrankovic,I"]
[Black "Krnic,I"]
[Result "0-1"]
[WhiteElo "1776"]
[BlackElo "2192"]

1.e4 c5 2.Nf3 e6 3.d4 cxd4 4.Nxd4 a6 5.Nc3 b5 6.f4 Bb7 7.a3 Nc6 8.Be3 Qc7
9.Be2 Nf6 10.e5 Nxd4 11.Qxd4 Nd5 12.O-O Nxe3 13.Rfc1 Bc5 14.Qd3 Nxg2+  0-1

[Event "Dutch Open"]
[Site "Dieren NED"]
[Date "2008.07.28"]
[Round "6"]
[White "Nijboer,F"]
[Black "Goldstern,F"]
[Result "1-0"]
[WhiteElo "2564"]
[BlackElo "2370"]

1.e4 c5 2.Nf3 e6 3.Nc3 a6 4.d4 cxd4 5.Nxd4 d6 6.Be3 Nf6 7.Qd2 Qc7 8.f3 h5
9.O-O-O Bd7 10.Kb1 Be7 11.Bd3 Nc6 12.h3 h4 13.f4 Nxd4 14.Bxd4 e5 15.Be3 exf4
16.Bxf4 Be6 17.Be2 Rd8 18.Qd4 O-O 19.a3 Qa5 20.Bf3 Rd7 21.Rd3 Rc8 22.Rhd1 Bc4
23.Re3 Be6 24.Qd2 Qc5 25.Na4 Qc4 26.b3 Qb5 27.Qb4 d5 28.Qxb5 axb5 29.Nb6 dxe4
30.Rxd7 Bxd7 31.Nxc8 Bxc8 32.Bxe4 Bxa3 33.Bf3 Be6 34.Bg5 Bc5 35.Re5 Bf2 36.Rxb5 Nh7
37.Bf4 g5 38.Be5 b6 39.Bc7  1-0

[Event "CSOB IM CUP"]
[Site "Mlada Boleslav CZE"]
[Date "2008.07.28"]
[Round "2"]
[White "Urban,Z"]
[Black "Meskovs,N"]
[Result "0-1"]
[WhiteElo "2130"]
[BlackElo "2177"]

1.e4 c5 2.Nf3 e6 3.d4 cxd4 4.Nxd4 a6 5.Nc3 Qc7 6.Bd3 Nf6 7.O-O Nc6 8.Be3 Bd6
9.h3 b5 10.Nb3 Be7 11.a3 d6 12.Qe2 Bb7 13.f4 Rc8 14.Nd4 Na5 15.f5 e5 16.Nf3 O-O
17.Nd2 Nc4 18.Bxc4 bxc4 19.g4 d5 20.g5 d4 21.gxf6 Bxf6 22.Nd1 dxe3 23.Qxe3 Qc5
24.Qxc5 Rxc5 25.Nc3 Bg5 26.Rad1 Be3+ 27.Kg2 Bd4 28.Kf3 f6 29.Ne2 Bxb2 30.c3 Bc6
31.Nb1 Ba4 32.Rd6 Rc6 33.Rd7 h6 34.Rb7 Bb3 35.Rg1 Rf7 36.Rb8+ Kh7 37.Nd2 Bxa3
38.Nxb3 cxb3 39.Rxb3 Bd6 40.Ng3 a5 41.Ra1 Ra7 42.Ra4 Bc7 43.c4 Rb6 44.Rxb6 Bxb6
45.Ne2 Rd7 46.c5 Rd3+ 47.Kg2 Bxc5 48.Rxa5 Be3 49.Rd5 Ra3 50.h4 Bf4 51.Nxf4 exf4
52.e5 Rg3+ 53.Kf2 fxe5 54.Rxe5 Kg8 55.h5 Kf7 56.Re4 Kf6 57.Rxf4 Rg5 58.Rh4 Rxf5+
59.Kg3 Rg5+ 60.Kf3 Rg1 61.Rb4 Kg5 62.Rb5+ Kh4 63.Ra5 Rg5 64.Ra7 Kxh5 65.Rb7 Rg6
66.Kf2 Rg4 67.Kf3 g5 68.Rb6 Ra4 69.Kg2 Ra3 70.Rc6 g4 71.Kh2 Kg5 72.Rc5+ Kh4
73.Rc2 h5 74.Kg2 Rg3+ 75.Kh2 Rd3 76.Kg2 Rd5 77.Ra2 Kg5 78.Rb2 h4 79.Rb8 Rd2+
80.Kg1 g3 81.Rb5+ Kg4 82.Rb4+ Kh3 83.Rb8 Rg2+ 84.Kh1 Rf2 85.Kg1 Rf3 86.Rb4 Re3
87.Rb1 g2 88.Rc1 Kg3 89.Rc3 Rf3  0-1

[Event "95th ch-GBR"]
[Site "Liverpool ENG"]
[Date "2008.07.30"]
[Round "3"]
[White "Mason,D"]
[Black "Coathup,R"]
[Result "0-1"]
[WhiteElo "2268"]
[BlackElo "2105"]

1.e4 c5 2.Nf3 e6 3.d4 cxd4 4.Nxd4 a6 5.Nc3 Qc7 6.Bd3 Nf6 7.O-O Nc6 8.Be3 Bd6
9.f4 Nxd4 10.e5 Nxc2 11.Qxc2 Bc5 12.exf6 Bxe3+ 13.Kh1 gxf6 14.Rae1 Bd4 15.Re4 Bxc3
16.Rc4 Qd8 17.Rxc3 d5 18.Rc7 Rb8 19.Re1 Bd7 20.Rc1 Bc6 21.Rxc6 bxc6 22.Qxc6+ Kf8
23.Qxa6 Qb6 24.Qxb6 Rxb6 25.Rb1 Ke7 26.a4 Rb4 27.Bb5 Rxf4 28.b4 Rb8 29.Kg1 Kd6
30.g3 Rd4 31.Rb2 f5 32.Kf2 f4 33.gxf4 Rxf4+ 34.Ke3 Re4+ 35.Kd3 Rh4 36.Rf2 f5
37.Kc3 Rc8+ 38.Kb3 Rh3+ 39.Ka2 Rcc3 40.Rb2 Ra3+ 41.Kb1 Rab3  0-1

[Event "9th Epetium Open"]
[Site "Stobrec CRO"]
[Date "2008.07.30"]
[Round "5"]
[White "Pejcinovic,V"]
[Black "Krnic,I"]
[Result "1/2-1/2"]
[WhiteElo "2021"]
[BlackElo "2192"]

1.e4 c5 2.Nf3 e6 3.d4 cxd4 4.Nxd4 a6 5.Nc3 b5 6.Bd3 Qb6 7.Nb3 Qc7 8.Be3 Bb7
9.Qd2 Nf6 10.f3 Nc6 11.O-O Ne5 12.Qf2 d6 13.Bb6 Qd7 14.Na5 Be7 15.Rad1 O-O
16.Rfe1 Rac8 17.Nxb7 Qxb7 18.Be3 Nc4 19.Bc1 Rfd8 20.Kh1 Ne5 21.Bf1 Qc6 22.a3 Qc7
23.h3 Ned7 24.f4 Nc5 25.g4 d5 26.exd5 Nxd5 27.Nxd5 Rxd5 28.Rxd5 exd5 29.Bg2 d4
30.Qxd4 Ne6 31.Qe4 Bh4 32.Rd1 Qxc2 33.Qxc2 Rxc2 34.f5 Nd4 35.Bf4 Ne2 36.g5 Rc8
37.Bh2 Bxg5 38.Bb7 Rc1 39.Rxc1 Bxc1 40.Bxa6 Bxb2 41.Bxb5 Nd4 42.a4 Bc3  1/2-1/2

[Event "13th Pannonia Cup"]
[Site "Balatonalmadi HUN"]
[Date "2008.07.31"]
[Round "2"]
[White "Vargyas,Z"]
[Black "Papp,K"]
[Result "0-1"]
[WhiteElo "2173"]
[BlackElo "1895"]

1.e4 c5 2.Nf3 e6 3.d4 cxd4 4.Nxd4 a6 5.Nc3 Qc7 6.g3 Nf6 7.Bg2 Bb4 8.O-O Nc6
9.Bf4 Ne5 10.g4 h6 11.Kh1 d6 12.h3 g5 13.Bd2 Bc5 14.Nb3 Ng6 15.Nxc5 dxc5
16.e5 Qxe5 17.Ne2 Ne4 18.Bxe4 Qxe4+ 19.f3 Qc6 20.Ng3 b6 21.Ne4 Ke7 22.Bc3 e5
23.Qe1 Be6 24.Qe3 f6 25.a4 Bd5 26.b4 Bxe4 27.fxe4 Nf4 28.bxc5 Qxc5 29.Qe1 Kf7
30.Rb1 Rac8 31.Rf3 h5 32.Qg1 Qxg1+ 33.Rxg1 Rc4 34.Bd2 hxg4 35.Bxf4 gxf4  0-1

[Event "8th United Insurance"]
[Site "Dhaka BAN"]
[Date "2008.08.01"]
[Round "4"]
[White "Badri,N"]
[Black "Hossain,Mon"]
[Result "0-1"]
[WhiteElo "2172"]
[BlackElo "2193"]

1.e4 c5 2.Nf3 e6 3.d4 cxd4 4.Nxd4 a6 5.Nc3 Qc7 6.Bd3 b5 7.a3 Bb7 8.O-O Nc6
9.Be3 Nf6 10.Nb3 Ne5 11.h3 Nc4 12.Bxc4 bxc4 13.Nd2 Rc8 14.Qe2 Be7 15.f4 d5
16.e5 Nd7 17.Nf3 O-O 18.Nd4 Nc5 19.Qf2 f6 20.Qg3 Qd7 21.Rae1 f5 22.Qf2 Rc7
23.Kh2 Bc8 24.g4 fxg4 25.hxg4 Qd8 26.Qg2 Rb7 27.Nc6 Qd7 28.Nxe7+ Qxe7 29.Qf2 Nd7
30.Bd4 h5 31.f5 Qg5 32.f6 Rf7 33.Nxd5 exd5 34.e6 Rxf6 35.Bxf6 Nxf6 36.Qf5 Nxg4+
37.Kg3 Qxf5 38.Rxf5 Nf6 39.Rxf6 gxf6 40.e7 Bd7 41.e8=Q+ Bxe8 42.Rxe8+ Kg7
43.Rd8 Rxb2 44.Rxd5 Rxc2 45.Ra5 Kg6 46.Rxa6 Ra2 47.Kf4 c3 48.Ra8 c2 49.Rc8 Rxa3
50.Rxc2 Ra4+ 51.Kf3 h4 52.Rc8 Kg5 53.Rg8+ Kf5 54.Rh8 Ra3+ 55.Kf2 Kg4 56.Rg8+ Kf4
57.Rh8 Ra2+ 58.Kg1 f5 59.Rc8 Kf3 60.Rc3+ Kg4 61.Rb3 f4 62.Rc3 f3 63.Rc8 Kh3
64.Rf8 Rg2+ 65.Kf1 Kg3 66.Rg8+ Kh2 67.Rf8 Rg3 68.Kf2 h3 69.Rh8 Rg7 70.Rh6 Ra7
71.Kxf3 Rf7+ 72.Ke2 Kg2 73.Rg6+ Kh1 74.Rg5 h2 75.Rg6 Ra7 76.Kf2 Ra2+ 77.Kf1 Ra1+
78.Kf2 Rg1 79.Rh6 Rg2+ 80.Kf1 Rg4 81.Rh7 Rf4+ 82.Ke2 Kg2 83.Rg7+ Kh3  0-1

[Event "13th Open"]
[Site "Creon FRA"]
[Date "2008.08.02"]
[Round "8"]
[White "Lebon,J"]
[Black "Ippolito,M"]
[Result "0-1"]
[WhiteElo "1975"]
[BlackElo "2272"]

1.e4 c5 2.Nf3 e6 3.d4 cxd4 4.Nxd4 a6 5.Nc3 Qc7 6.g3 Nc6 7.Bg2 Nf6 8.O-O Be7
9.Re1 O-O 10.Be3 d6 11.Na4 Ne5 12.Nb6 Qxb6 13.Nxe6 Qc6 14.Nxf8 Bxf8 15.f4 Bg4
16.Qd2 Nf3+ 17.Bxf3 Bxf3 18.e5 dxe5 19.fxe5 Ne4 20.Qc1 Rd8 21.c3 Bc5 22.Bxc5 Qxc5+
23.Qe3 Rd2 24.Qxc5 Rg2+  0-1

[Event "95th ch-GBR"]
[Site "Liverpool ENG"]
[Date "2008.08.02"]
[Round "6"]
[White "Eggleston,D"]
[Black "Jackson,O"]
[Result "1-0"]
[WhiteElo "2372"]
[BlackElo "2221"]

1.e4 c5 2.Nf3 e6 3.d4 cxd4 4.Nxd4 a6 5.Nc3 Qc7 6.Bd3 Nf6 7.O-O b5 8.Re1 Bb7
9.e5 Nd5 10.Nxd5 Bxd5 11.a4 b4 12.Bd2 Nc6 13.Nxc6 Qxc6 14.Qg4 h5 15.Qg3 h4
16.Qh3 Be7 17.c4 bxc3 18.bxc3 Bc4 19.Bxc4 Qxc4 20.Qf3 Qc6 21.Qxc6 dxc6 22.Rab1 Bc5
23.Re4 h3 24.Rc4 Rd8 25.Bg5 Be7 26.Bxe7 Kxe7 27.Rxc6 Rd7 28.gxh3 Rh5 29.Rc5 Rxh3
30.Rb6 g5 31.Rxa6 Rf3 32.Ra8 Rd2 33.Rc7+ Rd7 34.Raa7 Rxc7 35.Rxc7+ Kd8 36.Rc5 Rf4
37.c4 Rd4 38.a5 Rd2 39.h3 Ke7 40.Rc7+ Kf8 41.a6 Ra2 42.a7 Kg7 43.Rb7 Kg6
44.c5  1-0

[Event "13th Open"]
[Site "Creon FRA"]
[Date "2008.08.03"]
[Round "9"]
[White "Mondon,F"]
[Black "Mancini,M"]
[Result "0-1"]
[WhiteElo "1988"]
[BlackElo "2268"]

1.e4 c5 2.Nf3 e6 3.d4 cxd4 4.Nxd4 a6 5.Nc3 b5 6.Bd3 Bb7 7.O-O Bc5 8.Nb3 Ba7
9.Qf3 Nf6 10.Be3 Bxe3 11.Qxe3 d6 12.f4 Nbd7 13.Qf3 b4 14.Ne2 a5 15.Rad1 O-O
16.Ng3 a4 17.Nd2 Nc5 18.Nh5 Nxh5 19.Qxh5 Nxd3 20.cxd3 Qb6+ 21.Kh1 Qd4 22.Nc4 Bxe4
23.dxe4 Qxc4 24.Rxd6 Qxe4 25.Qd1 g6 26.Rd4 Qb7 27.Qd2 Rfb8 28.Rc1 Rc8 29.Rd1 Rab8
30.Rd7 Qb5 31.Qd4 Rc4 32.Qd6 Rf8 33.Qd3 Qc5 34.Qf3 Rc2 35.R7d2 Rxd2 36.Rxd2 Qc1+
37.Qd1 Qxd1+ 38.Rxd1 Rc8 39.h3 Rc2 40.Rd8+ Kg7 41.Ra8 a3 42.bxa3 Rxa2 43.a4 b3
44.Rb8 Rxa4 45.g3 Ra1+ 46.Kg2 Rb1 47.h4 h5 48.Rb7 Kf6 49.Rb5 b2 50.Kh2 Ke7  0-1

[Event "IMB Proclient Cup"]
[Site "Olomouc CZE"]
[Date "2008.08.03"]
[Round "6"]
[White "Blomqvist,E"]
[Black "Havlikova,K"]
[Result "1/2-1/2"]
[WhiteElo "2322"]
[BlackElo "2135"]

1.e4 c5 2.Nf3 e6 3.d4 cxd4 4.Nxd4 a6 5.Nc3 Qc7 6.Bd3 Bc5 7.Nb3 Ba7 8.Qg4 g6
9.O-O Nc6 10.Kh1 Ne5 11.Qh4 d6 12.f4 Nxd3 13.cxd3 Qe7 14.Qg3 f5 15.Be3 Bxe3
16.Qxe3 Nf6 17.Rae1 Kf7 18.Nd4 Re8 19.Nf3 fxe4 20.dxe4 Kg7 21.Qd2 Rd8 22.Qc1 b5
23.e5 dxe5 24.fxe5 Nd5 25.Nxd5 Rxd5 26.Ng5 Rd7 27.Rf7+ Qxf7 28.Nxf7 Rxf7
29.Rf1 Raa7 30.Kg1 Rxf1+ 31.Kxf1 Rf7+ 32.Ke2 Bb7 33.g3 Bd5 34.b3 a5 35.Qa3 Ra7
36.Qc5 Rb7 37.Ke3 a4 38.Qb4 axb3 39.axb3 Rf7 40.Qxb5 Rb7 41.Qe8 Rxb3+ 42.Kd4 Rb7
43.Kc5 Rf7 44.Kd6 Ba2 45.g4 h6 46.h4 h5 47.gxh5 gxh5 48.Qd8 Rf5 49.Qc7+ Kg6
50.Qc2 Bd5 51.Qd3 Kf7 52.Qg3 Bc4 53.Qg2 Bd5 54.Qg1 Bb3 55.Qe3 Bd5 56.Qh6 Bc4
57.Qh7+ Kf8 58.Qg6 Bb3 59.Kd7 Bd5 60.Qh6+  1/2-1/2

[Event "Arctic Chess Challenge"]
[Site "Tromso NOR"]
[Date "2008.08.03"]
[Round "2"]
[White "Thomassen,J"]
[Black "Granaldi,A"]
[Result "1/2-1/2"]
[WhiteElo "2357"]
[BlackElo "2082"]

1.e4 c5 2.Nf3 e6 3.d4 cxd4 4.Nxd4 a6 5.Nc3 b5 6.Bd3 Qb6 7.Nf3 Qc7 8.e5 Nc6
9.Bf4 f5 10.Nh4 Nge7 11.Qh5+ g6 12.Qe2 b4 13.Na4 Nd5 14.g3 Nd4 15.Qd2 Bb7
16.Rg1 Be7 17.c3 bxc3 18.bxc3 Qa5 19.Rb1 Bc6 20.Nb6 Nxf4 21.gxf4 Bxh4 22.cxd4 Bxf2+
23.Kd1 Qxd2+ 24.Kxd2 Rb8 25.Rgc1 Bxd4 26.Nd5 Kf7 27.Nb4 Bb5 28.Bxb5 axb5
29.Rc7 Ke8 30.Na6 Bb6 31.Nxb8 Bxc7 32.Rxb5 Ke7 33.Na6 Rc8 34.a4 d6 35.a5 dxe5
36.fxe5 Rd8+ 37.Ke3 Rd7 38.Nxc7 Rxc7 39.a6 Kd7 40.Rb6 Rc3+ 41.Kd4 Ra3 42.Rd6+ Ke7
43.Kc5 Ra5+ 44.Kb6 Rxe5 45.Rd4 Re2 46.Ra4 Rb2+ 47.Kc7 Rc2+ 48.Kb7 Rb2+ 49.Kc6 Rc2+
50.Kb6 Rb2+ 51.Ka5 Rb8 52.a7 Ra8 53.Kb6 e5 54.Kb7 Rxa7+ 55.Rxa7 Kd6 56.Kb6 f4
57.Kb5 Kd5 58.Kb4 Kd4 59.Rxh7 f3 60.Rd7+ Ke3 61.Kc4 f2 62.Rf7 Ke2 63.Kd5 f1=Q
64.Rxf1 Kxf1 65.Kxe5 Kg2 66.h4 Kh3 67.Kf6 Kxh4 68.Kxg6  1/2-1/2

[Event "12th HZ Open"]
[Site "Vlissingen NED"]
[Date "2008.08.03"]
[Round "2"]
[White "Brandenburg,D"]
[Black "Meulblok,W"]
[Result "1-0"]
[WhiteElo "2431"]
[BlackElo "2067"]

1.e4 c5 2.Nf3 e6 3.d4 cxd4 4.Nxd4 a6 5.Nc3 Qc7 6.Bd3 Nf6 7.O-O b5 8.Bg5 Be7
9.Re1 d6 10.Bxf6 gxf6 11.Kh1 Qc5 12.f4 Bd7 13.Nb3 Qb6 14.Qh5 Nc6 15.a4 b4
16.a5 Qa7 17.Ne2 O-O-O 18.Rec1 Kb8 19.c3 Rhg8 20.Ned4 e5 21.Nxc6+ Bxc6 22.cxb4 Bd7
23.Qe2 Rg4 24.b5 axb5 25.Bxb5 Rdg8 26.Bc6 Bc8 27.Qb5+ Bb7 28.a6 Rxg2 29.Qxb7+ Qxb7
30.axb7  1-0

[Event "Najdorf Memorial Open"]
[Site "Warsaw POL"]
[Date "2008.08.03"]
[Round "2"]
[White "Warszawski,B"]
[Black "Marwan,A"]
[Result "1-0"]
[WhiteElo "2277"]
[BlackElo "2078"]

1.e4 c5 2.Nf3 e6 3.d4 cxd4 4.Nxd4 a6 5.Nc3 Qc7 6.Be2 b5 7.O-O Bb7 8.Bf3 Nc6
9.Nxc6 dxc6 10.a4 b4 11.Nb1 Bc5 12.a5 Nf6 13.Nd2 e5 14.c3 O-O 15.Nc4 Rad8
16.Qe2 bxc3 17.bxc3 Bc8 18.Rb1 Be6 19.Nb6 Rb8 20.Be3 Bxe3 21.Qxe3 Bg4 22.Bxg4 Nxg4
23.Qc5 Rb7 24.Rbd1 Nf6 25.f3 Re8 26.Rd6 Re6 27.Rfd1 Ne8 28.Rd7 Qb8 29.Rd8 Qc7
30.R1d7  1-0

[Event "17th Open"]
[Site "Kavala GRE"]
[Date "2008.08.04"]
[Round "6"]
[White "Berescu,A"]
[Black "Kryvoruchko,Y"]
[Result "1/2-1/2"]
[WhiteElo "2489"]
[BlackElo "2628"]

1.e4 c5 2.Nf3 e6 3.d4 cxd4 4.Nxd4 a6 5.Nc3 Qc7 6.Bd3 Nf6 7.O-O d6 8.Kh1 b5
9.f4 Bb7 10.Qf3 Nbd7 11.Bd2 b4 12.Nd1 d5 13.e5 Ne4 14.Be3 Bc5 15.Nb3 O-O
16.Nf2 Bxe3 17.Qxe3 Ndc5 18.Nxe4 Nxe4 19.a3 bxa3 20.Rxa3 f6 21.exf6 Rxf6
22.Na5 d4 23.Qe1 Nc5 24.Nxb7 Qxb7 25.b4 Nxd3 26.Rxd3  1/2-1/2

[Event "12th HZ Open"]
[Site "Vlissingen NED"]
[Date "2008.08.05"]
[Round "5"]
[White "Spoelman,W"]
[Black "Van Assendelft,F"]
[Result "1-0"]
[WhiteElo "2448"]
[BlackElo "2227"]

1.e4 c5 2.Nc3 a6 3.Nf3 e6 4.d4 cxd4 5.Nxd4 d6 6.Be3 b5 7.Qd2 Nf6 8.f3 Nbd7
9.g4 Nb6 10.a4 Nc4 11.Bxc4 bxc4 12.a5 Bb7 13.Na4 Qc7 14.Nb6 Rd8 15.O-O-O Be7
16.g5 Nd7 17.Ne2 O-O 18.Nc3 Qc6 19.h4 Nxb6 20.Bxb6 Rd7 21.h5 f5 22.gxf6 Bxf6
23.Rhg1 Be5 24.Bd4 Bxd4 25.Qxd4 e5 26.Qe3 Qc7 27.Qh6 Kh8 28.Qe6 Qd8 29.Rg3 Rf6
30.Qxc4 Qxa5 31.Rdg1 Rdf7 32.Qb3 Qd8 33.Rd1 Qf8 34.Kb1 Ba8 35.Rd3 h6 36.Na4 Bc6
37.Nc3 Rxf3 38.Rgxf3 Rxf3 39.Rxf3 Qxf3 40.Qc4 Bb5 41.Nxb5 axb5 42.Qxb5 Qxh5
43.Qd5 Qh1+ 44.Ka2 Qe1 45.Qb7 Kh7 46.b4 h5 47.Qf7 Kh6 48.Qe6+ g6 49.Qxd6 Qxe4
50.Kb3 h4 51.b5 h3 52.b6 Qe3+ 53.c3 h2 54.Qd8 Qf4 55.Qh8+ Kg5 56.b7 Qf7+
57.Ka3 Qe7+ 58.Ka2 Qe6+ 59.Kb2 Qb6+ 60.Kc2 Qf2+ 61.Kb3 Qf7+ 62.Ka3 Qe7+ 63.Ka2 Qe6+
64.Kb2 Qb6+ 65.Kc2 e4 66.Qe5+ Kg4 67.Qxe4+ Kg3 68.Qe5+ Kg2 69.b8=Q Qxb8 70.Qxb8 h1=Q
71.Qb7+ Kh2 72.Qh7+ Kg3 73.Qxg6+ Kf4 74.Qf6+ Ke3 75.Qd4+ Ke2 76.Qd2+  1-0

[Event "XVII TCh-MKD"]
[Site "Struga MKD"]
[Date "2008.08.06"]
[Round "3"]
[White "Simeonov,S"]
[Black "Nestorovic,De"]
[Result "1/2-1/2"]
[WhiteElo "2361"]
[BlackElo "2427"]

1.e4 c5 2.Nf3 e6 3.d4 cxd4 4.Nxd4 a6 5.Nc3 b5 6.Bd3 Qb6 7.Be3 Bc5 8.Be2 Nc6
9.Nxc6 Bxe3 10.fxe3 dxc6 11.Qd6 Ne7 12.O-O-O Ra7 13.Qg3 O-O 14.Rd6 e5 15.Rhd1 Be6
16.Kb1 Qc5 17.h4 Bd5 18.Rf6 Be6 19.h5 Rd7 20.Rh1 Rd6 21.h6 g6 22.Qf2 Kh8
23.Bg4 Ng8 24.Bxe6 Rxe6 25.Rxf7 Rf6 26.Rxf6 Rxf6 27.Qd2 Qf8 28.a4 Nxh6 29.Ka2 Rf2
30.Qd1 b4 31.Nb1 Ng8 32.Qd3 Rxg2 33.Qd7 h5 34.Qxc6 Qf2 35.Kb3 Qxe3+ 36.Kxb4 Qd4+
37.Ka3 Kh7 38.Rf1 Rf2 39.Qc7+ Kh6 40.Rxf2 Qxf2 41.Qxe5 Nf6 42.Nc3 h4 43.b3 h3
44.Nd5 Nxd5 45.exd5 h2 46.d6 Qxc2 47.Qh8+ Kg5 48.d7 Qc1+ 49.Qb2 Qc5+ 50.b4  1/2-1/2

[Event "12th HZ Open"]
[Site "Vlissingen NED"]
[Date "2008.08.06"]
[Round "6"]
[White "Di Berardino,D"]
[Black "Diamant,A"]
[Result "1/2-1/2"]
[WhiteElo "2471"]
[BlackElo "2393"]

1.e4 c5 2.Nf3 e6 3.d4 cxd4 4.Nxd4 a6 5.Nc3 Nc6 6.Be3 Nf6 7.a3 d5 8.exd5 exd5
9.Be2 Be7 10.O-O O-O 11.Nxc6 bxc6 12.Na4 Rb8 13.Rc1 Bd6 14.c4 Re8 15.Bf3 h5
16.Bg5 Be5 17.Bh4 Qd6 18.Bg3 Bg4 19.cxd5 cxd5 20.b4 a5 21.Bxe5 Rxe5 22.bxa5 Ra8
23.Nb6 Bxf3 24.Qxf3 Rxa5 25.Rc8+ Kh7 26.Qd3+ Ne4 27.Qd4 Rxa3 28.f3 Rb3 29.fxe4 Qxb6
30.Qxb6 Rxb6 31.exd5  1/2-1/2

[Event "1st Masters"]
[Site "Chambery FRA"]
[Date "2008.08.07"]
[Round "6"]
[White "Philippe,C"]
[Black "Horvath,Jo1"]
[Result "1/2-1/2"]
[WhiteElo "2442"]
[BlackElo "2551"]

1.e4 c5 2.Nf3 e6 3.d4 cxd4 4.Nxd4 a6 5.Nc3 b5 6.Bd3 Qb6 7.Nb3 Qc7 8.Qe2 Bb7
9.O-O Nc6 10.f4 d6 11.Kh1 Nf6 12.Bd2 Be7 13.a4 b4 14.Na2 a5 15.c3 O-O 16.Rfc1 Qb8
17.cxb4 axb4 18.Bb5 Na7 19.Bd3 Nc6 20.Bb5 Na7 21.Bd3  1/2-1/2

[Event "Arctic Chess Challenge"]
[Site "Tromso NOR"]
[Date "2008.08.07"]
[Round "6"]
[White "Getz,N"]
[Black "Forsaa,E"]
[Result "1/2-1/2"]
[WhiteElo "2111"]
[BlackElo "2282"]

1.e4 c5 2.Nf3 e6 3.d4 cxd4 4.Nxd4 a6 5.Nc3 b5 6.Bd3 d6 7.O-O Nf6 8.a3 Nbd7
9.Re1 Bb7 10.Bg5 Be7 11.Qe2 O-O 12.Rad1 Re8 13.Kh1 Qb6 14.Be3 Qc7 15.f4 Bf8
16.Nf3 Nc5 17.Bf2 Rac8 18.Bxc5 dxc5 19.e5 c4 20.Be4 Bxe4 21.Nxe4 Nd5 22.f5 exf5
23.Rxd5 fxe4 24.Qxe4 Qc6 25.c3 Qg6 26.Qxg6 hxg6 27.Rd7 a5 28.Rb7 b4 29.axb4  1/2-1/2

[Event "Arctic Chess Challenge"]
[Site "Tromso NOR"]
[Date "2008.08.07"]
[Round "6"]
[White "Haugstad,E"]
[Black "Bjerke,R"]
[Result "0-1"]
[WhiteElo "2032"]
[BlackElo "2212"]

1.e4 c5 2.Nf3 e6 3.d4 cxd4 4.Nxd4 a6 5.Nc3 Qc7 6.Be3 Nc6 7.Be2 Nf6 8.Qd2 Bb4
9.f3 d5 10.exd5 Nxd5 11.Nxc6 bxc6 12.O-O Nxe3 13.Qxe3 O-O 14.Kh1 Rb8 15.Ne4 a5
16.f4 Be7 17.Rab1 c5 18.c4 Bd7 19.Bd3 Bc6 20.f5 Qe5 21.fxe6 f5 22.Qg3 Qxe6
23.Nc3 Bd6 24.Qh3 g6 25.b3 Rbe8 26.Rbd1 Qf6 27.Nd5 Qb2 28.Qh4 Bxd5 29.cxd5 Qxa2
30.Bc4 Re4 31.Qh6 Qb2 32.Rb1 Qe5 33.Ra1 Qc3 34.Rac1 Qf6 35.Qd2 Rh4 36.g3 Bxg3
37.Rf2 Bxf2 38.Qxf2 Qd4 39.Qxd4 Rxd4 40.Bb5 f4  0-1

[Event "FSIMA August"]
[Site "Budapest HUN"]
[Date "2008.08.08"]
[Round "7"]
[White "Szalanczy,E"]
[Black "Strunski,A"]
[Result "1-0"]
[WhiteElo "2388"]
[BlackElo "2294"]

1.e4 c5 2.Nf3 a6 3.Nc3 e6 4.d4 cxd4 5.Nxd4 Qc7 6.Bd3 Nc6 7.Nxc6 dxc6 8.O-O e5
9.Be3 Nf6 10.Na4 Bd6 11.c4 Be6 12.c5 Be7 13.h3 Rd8 14.Qc2 g5 15.Bc4 Bxc4
16.Qxc4 Rg8 17.g4 Nd7 18.Nc3 h5 19.Ne2 h4 20.b4 Nf8 21.a4 Ne6 22.Rfd1 Rxd1+
23.Rxd1 Kf8 24.Qc3 Kg7 25.f4 Bf6 26.fxg5 Bxg5 27.Bxg5 Nxg5 28.Nf4 Kh7 29.Nh5 Rg6
30.Qe3 Kh6 31.Kg2 Qe7 32.Rf1 Qe6 33.Rf5 Qa2+ 34.Rf2 Qc4 35.Nf6 Qxb4 36.a5 Qxa5
37.Ne8 Qb4 38.Nd6 Kg7 39.Nf5+ Kh7 40.Nxh4 Qxe4+ 41.Qxe4 Nxe4 42.Re2 Nc3 43.Rb2 Na4
44.Rxb7 Rf6 45.Re7 Nxc5 46.Rxe5 Nd3 47.Re7 Nf4+ 48.Kg3 Nd5 49.Ra7 Nb4 50.g5 Rf1
51.Nf3 Kg8 52.h4 c5 53.h5 c4 54.h6 c3 55.g6 fxg6 56.Ne5 Rf6 57.Rc7 c2 58.Kg4 Re6
59.h7+ Kh8 60.Nf7+ Kxh7 61.Ng5+ Kg8 62.Nxe6  1-0